[Event "GER-ch Seniors 65 31st"]
[Site "Radebeul"]
[Date "2019.05.04"]
[Round "9"]
[White "Wurmb, Peter"]
[Black "Siegmund, Rainer"]
[Result "0-1"]
[WhiteElo "1984"]
[BlackElo "2093"]
[PlyCount "110"]
[EventDate "2019.04.26"]
[EventType "swiss"]
[EventRounds "9"]
[EventCountry "GER"]
[SourceTitle "CBM 190 Extra"]
[Source "ChessBase"]
[SourceDate "2019.07.15"]
[SourceVersion "1"]
[SourceVersionDate "2019.07.15"]
[SourceQuality "1"]

1. d4 Nf6 2. Nf3 e6 3. c4 b6 4. g3 Ba6 5. b3 Bb4+ 6. Bd2 Be7 7. Bg2 c6 8. Nc3 d5 9. cxd5 cxd5 10. Ne5 Nfd7 11. f4 Nxe5 12. fxe5 Nc6 13. Be3 Rc8 14. 0-0 0-0 15. Qd2 Bb4 16. Rfc1 Ne7 17. Bg5 h6 18. Bxe7 Qxe7 19. Qe3 Ba3 20. Rc2 Qg5 21. Qxg5 hxg5 22. Kf2 Rc7 23. Ke1 Rfc8 24. Kd2 b5 25. e4 Bb7 26. exd5 Bxd5 27. Bxd5 exd5 28. Kd3 b4 29. Nxd5 Rxc2 30. Ne7+ Kf8 31. Nxc8 Rxc8 32. Rd1 Bb2 33. Ke4 g6 34. h4 gxh4 35. gxh4 Ke7 36. Rf1 Rh8 37. Rf4 Bc3 38. d5 Rh5 39. d6+ Ke8 40. d7+ Kxd7 41. Rxf7+ Ke8 42. Rxa7 Rxe5+ 43. Kf4 Rh5 44. a3 Bf6 45. axb4 Rxh4+ 46. Kg3 Rxb4 47. Ra6 Kf7 48. Ra7+ Ke6 49. Ra6+ Kf5 50. Ra3 Bb2 51. Ra8 Rxb3+ 52. Kg2 g5 53. Ra5+ Be5 54. Ra4 Bf4 55. Ra2 Rd3 0-1

[Event "GER-ch Seniors 65 31st"]
[Site "Radebeul"]
[Date "2019.04.30"]
[Round "5"]
[White "Wurmb, Peter"]
[Black "Andrijenko, Anatoliy"]
[Result "1-0"]
[WhiteElo "1984"]
[BlackElo "1828"]
[PlyCount "79"]
[EventDate "2019.04.26"]
[EventType "swiss"]
[EventRounds "9"]
[EventCountry "GER"]
[SourceTitle "CBM 190 Extra"]
[Source "ChessBase"]
[SourceDate "2019.07.15"]
[SourceVersion "1"]
[SourceVersionDate "2019.07.15"]
[SourceQuality "1"]

1. d4 Nf6 2. Nf3 d5 3. e3 Bg4 4. Be2 Nc6 5. c4 dxc4 6. Nbd2 e6 7. Nxc4 Bb4+ 8. Bd2 0-0 9. 0-0 Bxd2 10. Qxd2 Ne4 11. Qd1 Qe7 12. a3 Rad8 13. Qb3 b6 14. Rac1 Rc8 15. Qa4 Na5 16. Nxa5 bxa5 17. Qxa5 c5 18. h3 Bf5 19. dxc5 Rxc5 20. Rxc5 Qxc5 21. Qxc5 Nxc5 22. b4 Nd7 23. Rc1 Nb6 24. Rc7 Ra8 25. Ne5 f6 26. Bf3 Rc8 27. Rxc8+ Nxc8 28. Nc6 Bd3 29. Nd4 Bc4 30. Bc6 Nd6 31. f4 f5 32. Kf2 Kf7 33. g3 Kf6 34. Nf3 a6 35. a4 Bb3 36. Nd2 Bc2 37. Ke2 h6 38. Nf3 Ne4 39. Nd4 Nxg3+ 40. Kf3 1-0

[Event "WchT Seniors 50"]
[Site "Radebeul"]
[Date "2016.07.03"]
[Round "8.23"]
[White "Wurmb, Peter"]
[Black "Reinhardt, Joachim"]
[Result "1-0"]
[WhiteElo "1993"]
[BlackElo "1876"]
[PlyCount "96"]
[EventDate "2016.06.26"]
[EventType "team-swiss"]
[EventRounds "9"]
[EventCountry "GER"]
[SourceTitle "CBM 173 Extra"]
[Source "ChessBase"]
[SourceDate "2016.08.29"]
[SourceVersion "1"]
[SourceVersionDate "2016.08.29"]
[SourceQuality "1"]
[WhiteTeam "Heidenau"]
[BlackTeam "Blue Wonder"]
[WhiteTeamCountry "GER"]
[BlackTeamCountry "GER"]

1. d4 d6 2. Nf3 Nf6 3. c4 g6 4. Nc3 Bg7 5. e4 Nbd7 6. Be2 0-0 7. 0-0 e5 8. h3 c6 9. Be3 Re8 10. d5 Nc5 11. Qc2 a5 12. a3 a4 13. Bxc5 dxc5 14. Nxa4 Nxe4 15. dxc6 bxc6 16. Bd3 f5 17. Bxe4 fxe4 18. Nh2 Qg5 19. Kh1 Bf5 20. g4 Bc8 21. Nxc5 e3 22. Qe4 e2 23. Rfe1 Rf8 24. Rxe2 Ra7 25. Qxc6 Re7 26. f3 h5 27. Rg1 Kh7 28. Ne4 Qh4 29. gxh5 Qxh5 30. Reg2 Bf5 31. Rg3 Rc8 32. Nf6+ Bxf6 33. Qxf6 Rce8 34. Qg5 Qxg5 35. Rxg5 e4 36. Ng4 exf3 37. Nf6+ Kh6 38. Nxe8 f2 39. Nd6 fxg1Q+ 40. Rxg1 Bxh3 41. Kh2 Bd7 42. Rg2 Bc6 43. Rd2 Kg5 44. Kg3 Re3+ 45. Kf2 Kf4 46. Rd4+ Be4 47. Rxe4+ Rxe4 48. Nxe4 Kxe4 1-0

[Event "WchT Seniors 50"]
[Site "Radebeul"]
[Date "2016.06.28"]
[Round "3.3"]
[White "Katz, Roland"]
[Black "Wurmb, Peter"]
[Result "1-0"]
[WhiteElo "2057"]
[BlackElo "1993"]
[PlyCount "59"]
[EventDate "2016.06.26"]
[EventType "team-swiss"]
[EventRounds "9"]
[EventCountry "GER"]
[SourceTitle "CBM 173 Extra"]
[Source "ChessBase"]
[SourceDate "2016.08.29"]
[SourceVersion "1"]
[SourceVersionDate "2016.08.29"]
[SourceQuality "1"]
[WhiteTeam "Sachsen Anhalt"]
[BlackTeam "Heidenau"]
[WhiteTeamCountry "GER"]
[BlackTeamCountry "GER"]

1. e4 c5 2. f4 e6 3. Nf3 Nc6 4. Nc3 g6 5. g3 Bg7 6. Bg2 Nge7 7. 0-0 0-0 8. d3 a6 9. Ne2 d5 10. e5 f6 11. exf6 Bxf6 12. c3 Qb6 13. Re1 Bd7 14. h3 d4 15. c4 Nf5 16. g4 Nh4 17. Nxh4 Bxh4 18. Rf1 e5 19. Bd2 Rae8 20. Kh2 Bf6 21. f5 gxf5 22. gxf5 Qc7 23. Be4 Re7 24. Ng3 Be8 25. Nh5 Bxh5 26. Qxh5 Kh8 27. Rg1 Ree8 28. Rg6 Ne7 29. Rxf6 Rg8 30. Rf7 1-0